Statistiken für Erkenne europäische Länder anhand berühmten Bildern

Klicken Sie hier um das Quiz zu spielen!

Allgemein

  • Dieses Quiz wurde 317 mal gespielt
  • Das Durchschnittsergebnis liegt bei 9 aus 10

Antwortstatistiken

Antwort% Korrekt
Deutschland
100%
Deutschland
100%
Frankreich
100%
Vereinigtes Königreich
100%
Italien
87%
Italien
87%
Belgien
86%
Spanien
80%
Österreich
68%
Russland
59%

Verteilung der Resultate

Perzentil nach korrekt beantworteten Fragen

Anzahl Personen mit jedem Resultat

Ihre Resultats-Entwicklung

Sie haben dieses Quiz noch nicht gespielt